000 00621nam a2200241 a 4500
001 nice12345678
003 IN_TiNIC
005 20260116013506.0
008 050524s1989 dela grp 000 0 urd
020 _a
_c50
082 0 0 _a500.80297
_bNAD
100 _aNadvi, Ibrahim Imadi
245 _aMusalmaan Sciencedaan Awr Unki Khidmaat
260 _aDelhi
_bMaktaba Alhasnat
_c1989
300 _a256p
500 _aincludes index and biblioraphy
505 2 _aAppendix, References, Index
650 _aQuran and Science
700 1 _aNadvi, Ibrahim Imadi
902 _bSRS
942 _cBK
999 _c11191
_d11191